LEADER 01395nam 2200373 450 001 000012154 005 20050718115400.0 010 $a88-7005-379-2 100 $a20030407d1978----km-y0itay0103----ba 101 0 $aita 102 $aIT 200 1 $aCorrosione e protezione dei materiali metallici$fPietro Pedeferri$ghanno collaborato: A. Cigada...[et al.] 205 $a2. ed. 210 $aMilano$cCLUP$d1978 215 $a540 p.$d24 cm. 606 $aMateriali metallici$xCorrosione$xProtezione 676 $a620.1623$v(21. ed.)$9Meccanica e materiali dell'ingegneria. Metalli. Alterazione causata da agenti atmosferici, biodegradazione, corrosione 700 1$aPedeferri,$bPietro$03972 702 1$aCigada,$bAlberto 801 0$aIT$bUniversità della Basilicata - B.I.A.$gRICA$2unimarc 912 $a000012154 996 $aCorrosione e protezione dei materiali metallici$978209 997 $aUNIBAS BAS $aMONSCI BAS $aSCIENZE CAT $aSTD018$b01$c20030407$lBAS01$h1138 CAT $aTORRE$b20$c20030410$lBAS01$h1201 CAT $c20050601$lBAS01$h1755 CAT $abatch$b01$c20050718$lBAS01$h1051 CAT $c20050718$lBAS01$h1110 CAT $c20050718$lBAS01$h1140 CAT $c20050718$lBAS01$h1154 FMT Z30 -1$lBAS01$LBAS01$mBOOK$1BASA2$APolo Tecnico-Scientifico$2DID$BDidattica$3PTS.s2.p10.16$6421$5S421$820030407$f98$FConsultazione LEADER 01955nam 2200397 450 001 9910420937503321 005 20230621135748.0 010 $a989-26-1845-9 035 $a(CKB)4100000011515748 035 $a(oapen)https://directory.doabooks.org/handle/20.500.12854/59264 035 $a(EXLCZ)994100000011515748 100 $a20201027c2020uuuu uu 0 101 0 $apor 135 $auucu#---uuuuu 181 $ctxt$2rdacontent 182 $cn$2rdamedia 183 $anc$2rdacarrier 200 10$aServiço Nacional de Saúde - SNS $e30 Anos de Resistência /$fAntónio Arnaut 205 $aThird edition. 210 $cCoimbra University Press$d2020 210 1$aPortugal :$cCoimbra University Press,$d2020 215 $a1 online resource (154 pages) $cillustrations; digital, PDF file(s) 225 1 $aOutros Títulos 311 08$aPrint version: 9789892618449 320 $aIncludes bibliographical references. 330 $aMen and institutions are always looking for lost time. For me, it hurts the time they lost to the NHS, but I now want to look to the future with optimism and confidence. I trust in the strength of fair and generous ideas. I trust in democracy and its rules of operation: the President of the Republic will comply and enforce the Constitution. Members of Parliament and Governors will be able to respect the will of the People, the only source of their legitimacy. If everyone has the common good, justice and social cohesion in mind, and, in this humanist logic, considers health as a right of all and not a privilege of those who can afford it, the NHS will be an April carnation that will never wither. 610 $aNational Health System 610 $aLegislation 610 $aSocial Rights 610 $aNHS 700 $aArnaut$b António$01217249 801 2$bUkMaJRU 906 $aBOOK 912 $a9910420937503321 996 $aServiço Nacional de Saúde - SNS$92816960 997 $aUNINA LEADER 01757oam 2200445z- 450 001 9910144962703321 005 20241212215548.0 010 $a9781509087006 010 $a1509087001 035 $a(CKB)1000000000695672 035 $a(EXLCZ)991000000000695672 100 $a20220614c2007uuuu -u- - 101 0 $aeng 200 10$a2007 IEEE Conference on Advanced Video and Signal Based Surveillance $e[AVSS 2007] ; London, United Kingdom, 5-7 September 2007 /$fIEEE ; [IEEE Computer Society Technical Committee on Pattern Analysis and Machine Intelligence] 210 $cIEEE 311 08$a9781424416950 311 08$a1424416957 311 08$a9781424416967 311 08$a1424416965 517 $aEvolutionary Computation 517 $a2007 IEEE Conference on Advanced Video and Signal Based Surveillance 531 $aADVANCED VIDEO & SIGNAL BASED SURVEILLANCE (AVSS), 2007 IEEE CONFERENCE ON 531 $aavss 531 $aADVANCED VIDEO & SIGNAL BASED SURVEILLANCE, 2007. AVSS 2007. IEEE CONFERENCE ON 606 $aTelevision security systems$vCongresses 606 $aElectronic surveillance$vCongresses 606 $aClosed-circuit television$vCongresses 606 $aImage processing$vCongresses 606 $aComputer vision$vCongresses 615 0$aTelevision security systems 615 0$aElectronic surveillance 615 0$aClosed-circuit television 615 0$aImage processing 615 0$aComputer vision 676 $a621.389/28 712 02$aIEEE Computer Society.$bTechnical Committee on Pattern Analysis and Machine Intelligence. 906 $aPROCEEDING 912 $a9910144962703321 996 $a2007 IEEE Conference on Advanced Video and Signal Based Surveillance$92872870 997 $aUNINA